000 00589nam a2200193Ia 4500
003 IN-BaIIA
008 211028s9999 xx 000 0 eng d
020 _a978-1-4614-8638-1
040 _cIIA Library
080 _a(084.4)523.34
_bTHE
245 4 _aThe hatfield SCT lunar atlas
_bphotographic atlas for Meade, Celestron and other SCT telescopes
_cedited by Anthony Charles Cook
260 _aNew York
_bSpringer
300 _a219p.
650 _aAstronomy
_980
650 _aMoon - maps
_929468
650 _aPhysics
_973
700 _aCook, Anthony Charles, ed.
_936334
942 _cBK
999 _c19030
_d19030